00365nam a2200157Ia 4500008004100000041000800041082001500049100001700064245002300081250000600104260004400110300001200154365001200166563000700178650002200185210707s1985 xx 000 0 und d aeng a320.5 JOHP aJOHARI (J C) aPolitical thought. a4 aNDbB V Gupta, Managing director.c1985 ax,304 p b30cINR aPB aPolitical Thought